| 000 | 04028cam a2200469 i 4500 | ||
|---|---|---|---|
| 001 | data | ||
| 005 | 20260322212106.0 | ||
| 008 | data | ||
| 035 | _a22452207 | ||
| 906 |
_a7 _bcbc _corignew _d1 _eecip _f20 _gy-gencatlg |
||
| 925 | 0 |
_aacquire _b1 shelf copy _xpolicy default |
|
| 955 |
_wxg01 2022-06-30 _fxg34 2022-09-08 Copy 1 to LL |
||
| 010 | _a 2022010952 | ||
| 020 |
_a9781032245362 _q(hardback) |
||
| 020 |
_a9781032245393 _q(paperback) |
||
| 020 |
_z9781003279181 _q(ebook) |
||
| 040 |
_aDLC _beng _erda _cDLC |
||
| 042 | _apcc | ||
| 043 | _ae-uk--- | ||
| 050 | 0 | 0 |
_aK5064 _b.F38 2023 |
| 082 | 0 | 0 |
_a345/.04 _223/eng/20220630 |
| 245 | 0 | 0 |
_aFault in criminal law : _ba research companion / _cedited by Alan Reed and Michael Bohlander, with Bethany Simpson and Verity Adams. |
| 264 | 1 |
_aNew York, NY : _aNew York, NY : _bRoutledge, _c2023. |
|
| 300 |
_axiii, 344 pages ; _c24 cm |
||
| 336 |
_atext _btxt _2rdacontent |
||
| 337 |
_aunmediated _bn _2rdamedia |
||
| 338 |
_avolume _bnc _2rdacarrier |
||
| 490 | 0 | _aSubstantive issues in criminal law | |
| 504 | _aIncludes bibliographical references and index. | ||
| 505 | 0 | _aThe fault requirement of indecent photographs of children / Alisdair A. Gillespie -- Defining fault in loss of control : determining culpability through excuse theory / Amanda Clough -- Strict liability crimes : the contours of liability and crimogenic impact / Alan Reed -- Causation, fault, and responsibility / G.R. Sullivan, A.P. Simester -- Understanding the 'fault' in prior-fault intoxication : insights from behavioural neuroscience / John J. Child, Hans S. Crombag, Rudi Fortson QC -- Ages of consent and responsibility in criminal law : should they be the same? / Jonathan Herring -- Fault, Article 7 and the courts' development of the criminal law / Jeremy Horder -- 'Crimes of passion' : emotion, fault, and the criminal law / John E. Stannard -- Germany / Kai Ambos, Stefanie Bock -- Australia / Mirko Bagaric -- United States of America / Vera Bergelson -- Russia / Gleb Bogush -- Islam / Mohammad Hedayati-Kakhki -- Africa / Gerhard Kemp, Bernard Ntahiraja -- China / Andra le Roux-Kemp. | |
| 520 |
_a"This volume presents a comparative examination of the issue of Fault in Criminal Law. Extant law reveals significant problems in adoption of consistent approaches to doctrinal and theoretical underpinnings of fault liability and culpability thresholds in Criminal Law. This has been exemplified by a plethora of recent jurisprudential authorities revealing varying degrees of confusion and vacillation. This collection focuses on fault liability for inculpation with contributions from leading specialists from different jurisdictions presenting alternative perspectives. The book addresses three specific elements within the arena of fault, embracing an overarching synergy between them. This structure facilitates an examination of UK provisions, with specialist contributions on domestic law, and in contrasting these provisions against alternative domestic jurisdictions as well as comparative contributions addressing a particularised research grid for content. The comparative chapters provide a wider background of how other legal systems treat a variety of specialised issues relating to fault elements in the context of the Criminal Law. With contributions from leading experts in the field, the book will be an invaluable resource for researchers, academics and practitioners working in this area"-- _cProvided by publisher. |
||
| 650 | 0 | _aCriminal liability. | |
| 650 | 0 |
_aCriminal law _xPhilosophy. |
|
| 650 | 0 | _aInternational criminal law. | |
| 650 | 0 | _aCriminal law (Islamic law) | |
| 650 | 0 |
_aCriminal law _zGreat Britain. |
|
| 700 | 1 |
_aReed, Alan, _eeditor. |
|
| 700 | 1 |
_aBohlander, Michael, _d1962- _eeditor. |
|
| 700 | 1 |
_aSimpson, Bethany, _eeditor. |
|
| 700 | 1 |
_aAdams, Verity, _eeditor. |
|
| 985 |
_eBibframePilot2 _fxg09 2022-03-04 |
||
| 999 |
_c1559 _d1559 |
||